| 000 | 00555nam a22002057a 4500 | ||
|---|---|---|---|
| 003 | OSt | ||
| 005 | 20140310182827.0 | ||
| 008 | 130529t xxu||||| |||| 00| 0 eng d | ||
| 020 | _a9780802827364 | ||
| 050 |
_aBT 1103 _b.B274 2007 |
||
| 082 |
_aM 239 _bB724 2007 |
||
| 245 |
_aWhy I Still Believe the Gospel _cBoomsma, Clarence |
||
| 260 |
_aMichigan/Cambridge _bWilliam B. Eerdmans Publishing Company _c2007 |
||
| 300 |
_a108 p. _e21 cm |
||
| 521 | _acollege | ||
| 526 | _c1210L-1700L | ||
| 541 | _j1 | ||
| 562 | _e1 | ||
| 942 |
_2lcc _cBK _kM |
||
| 999 |
_c16537 _d16537 |
||